Die ursprüngliche form der Sage von Prometheus
Elmentve itt :
| Szerzők: | |
|---|---|
| Dokumentumtípus: | Cikk |
| Megjelent: |
1862
|
| Sorozat: | Kolligátum
|
| Kulcsszavak: | Mitológia, Nyelvészet |
| Online Access: | http://misc.bibl.u-szeged.hu/24535 |
| LEADER | 00592nab a2200181 i 4500 | ||
|---|---|---|---|
| 001 | misc24535 | ||
| 005 | 20191111110740.0 | ||
| 008 | 171011s1862 hu o 0|| zxx d | ||
| 040 | |a SZTE Miscellanea Repozitórium |b hun | ||
| 041 | |a zxx | ||
| 100 | 1 | |a Steinthal Heymann | |
| 245 | 1 | 4 | |a Die ursprüngliche form der Sage von Prometheus |h [elektronikus dokumentum] / |c Steinthal Heymann |
| 260 | |c 1862 | ||
| 300 | |a 1-29 | ||
| 490 | 0 | |a Kolligátum | |
| 695 | |a Mitológia, Nyelvészet | ||
| 700 | 0 | 1 | |a Lazarus Moritz |e aut |
| 856 | 4 | 0 | |u http://misc.bibl.u-szeged.hu/24535/1/011_020_001-029-1.pdf |z Dokumentum-elérés |